Language to flag - Statistics

General Stats
  • This quiz has been taken 16 times
  • The average score is 234 of 247
Answer Stats
Picture Answer % Correct
Afrikaans/English/Xhosa/Zulu
100%
Albanian/Serbian
100%
Arabic
100%
Arabic
100%
Arabic
100%
Arabic
100%
Arabic
100%
Arabic
100%
Arabic
100%
Arabic
100%
Arabic
100%
Arabic
100%
Arabic
100%
Arabic
100%
Arabic
100%
Arabic
100%
Arabic
100%
Arabic/Berber
100%
Arabic/English
100%
Arabic/English
100%
Arabic/French
100%
Arabic/French
100%
Arabic/Kurdish
100%
Arabic/Tamazight
100%
Belarusian/Russian
100%
Bislama/French/English
100%
Burmese/English
100%
Chinese
100%
Chinese
100%
Chinese/English
100%
Chinese/Portuguese
100%
Comorian/French/Arabic
100%
Danish
100%
Dutch/French/German
100%
English
100%
English
100%
English
100%
English
100%
English
100%
English
100%
English
100%
English
100%
English
100%
English
100%
English
100%
English
100%
English
100%
English
100%
English
100%
English
100%
English
100%
English
100%
English
100%
English
100%
English
100%
English
100%
English
100%
English
100%
English
100%
English
100%
English
100%
English
100%
English
100%
English
100%
English
100%
English
100%
English
100%
English
100%
English
100%
English
100%
English
100%
English
100%
English
100%
English/Chamorro
100%
English/Chamorro/Carolinian
100%
English/Dutch
100%
English/Dutch
100%
English/Dutch
100%
English/French
100%
English/French
100%
English/Gilbertese
100%
English/Hiri Motu/Tok Pisin
100%
English/Jèrriais/Jersey Legal French
100%
English/Malay/Mandarin
100%
English/Malay/Mandarin/Tamil
100%
English/Manx
100%
English/Māori
100%
English/Māori/Pukapukan
100%
English/Ndebele
100%
English/Norfuk
100%
English/Swahili
100%
English/Tswana
100%
Faroese/Danish
100%
Fijian/English/Fiji Hindi
100%
Filipino/English
100%
French
100%
French
100%
French
100%
French
100%
French
100%
French
100%
French
100%
French
100%
French
100%
French
100%
French
100%
French
100%
French
100%
French
100%
French
100%
French/English
100%
French/Monégasque
100%
French/Sango
100%
French/Tahitian
100%
German
100%
German/French/Italian/Romansh
100%
Greek
100%
Greek/Turkish
100%
Haitian Creole/French
100%
Hindi/English
100%
Indonesian
100%
Irish/English
100%
Kazakh/Russian
100%
Kirundi/English/French
100%
Korean
100%
Korean
100%
Kyrgyz/Russian
100%
Malagasy/French
100%
Malay/English
100%
Maltese/English
100%
Marshallese/English
100%
Nauruan/English
100%
Niuean/English
100%
Ossetian/Russian
100%
Palauan/English
100%
Pitkern/English
100%
Portuguese
100%
Portuguese
100%
Portuguese
100%
Portuguese
100%
Portuguese
100%
Portuguese
100%
Portuguese
100%
Portuguese/Tetum
100%
Russian
100%
Russian/Moldavian/Ukrainian
100%
Samoan/English
100%
Samoan/English
100%
Sesotho/English
100%
Seychellois Creole/English/French
100%
Spanish
100%
Spanish
100%
Spanish
100%
Spanish
100%
Spanish
100%
Spanish
100%
Spanish
100%
Spanish
100%
Spanish
100%
Spanish
100%
Spanish
100%
Spanish
100%
Spanish
100%
Spanish
100%
Spanish
100%
Spanish
100%
Spanish
100%
Spanish/Aymara
100%
Spanish/English
100%
Spanish/French/Portuguese
100%
Spanish/Guarani
100%
Spanish/Rapa Nui
100%
Swahili/English
100%
Swahili/English
100%
Swazi/English
100%
Swedish
100%
Swedish
100%
Tajik/Russian
100%
Tokelauan/English
100%
Tongan/English
100%
Tuvaluan/English
100%
Urdu/English
100%
Czech
93%
Georgian
93%
German
93%
German
93%
Hebrew
93%
Italian
93%
Italian
93%
Japanese
93%
Latin/Italian
93%
Macedonian/Albanian
93%
Malay
93%
Malay
93%
Persian
93%
Polish
93%
Romanian
93%
Romanian
93%
Serbian
93%
Slovak
93%
Somali
93%
Somali
93%
Turkish
93%
Turkish
93%
Ukrainian
93%
Albanian
87%
Armenian
87%
Dutch
87%
Dutch
87%
Estonian
87%
Hungarian
87%
Icelandic
87%
Mongolian
87%
Nepali
87%
Papiamento/Dutch
87%
Papiamento/Dutch
87%
Papiamento/Dutch
87%
Slovene
87%
Thai
87%
Turkmen
87%
Uzbek
87%
Bengali
80%
Bosnian
80%
Bulgarian
80%
Croatian
80%
Latvian
80%
Norwegian/Sámi
80%
Pashto/Dari
80%
Vietnamese
80%
Catalan
73%
Khmer
73%
Lithuanian
73%
Luxembourgish
73%
Amharic/Omoro
67%
Azerbaijani
67%
Dzongkha
67%
Lao
67%
Montenegrin
60%
Sinhala/Tamil
60%
Dhivehi
47%
Greenlandic
47%
Hausa
47%
Tigrinya
47%
Abkhazian
33%
Kinyarwanda
33%
Bambara
27%
Mooré/Dyula/Fula
27%
No matching quizzes found
Score Distribution
Percent of People with Each Score
Percentile by Number Answered
Your Score History
You have not taken this quiz